[Event "62.HEM 2008, Gruppe D"]
[Site "Hanau"]
[Date "2008.03.21"]
[Round "2.28"]
[White "Guth, Susanne"]
[Black "Bachmann, Nick"]
[Result "1-0"]
[WhiteElo "1568"]
[BlackElo "1520"]
[PlyCount "55"]
[EventDate "2008.??.??"]

1. e4 e5 2. Nc3 Bc5 3. g3 Nf6 4. Bg2 d6 5. Nge2 Nc6 6. O-O a6 7. d3 h6 8. h3
Bd7 9. Kh2 O-O 10. f4 exf4 11. Nxf4 Bd4 12. Ncd5 Nxd5 13. Nxd5 f5 14. c3 Ba7
15. d4 Qc8 16. exf5 Bxf5 17. Be3 Qd7 18. Qd2 Rf7 19. g4 Be6 20. Rxf7 Bxf7 21.
Bxh6 Bxd5 22. Bxd5+ Kh7 23. Bg5 Rf8 24. Qd3+ Kh8 25. Rf1 Rxf1 26. Qxf1 Qe8 27.
Qf2 b5 28. Qh4+ 1-0

[Event "62.HEM 2008, Gruppe D"]
[Site "Hanau"]
[Date "2008.03.21"]
[Round "2.29"]
[White "Boethelt, Klaus-Dieter"]
[Black "Hofmann, Thomas"]
[Result "1/2-1/2"]
[WhiteElo "1505"]
[BlackElo "1567"]
[PlyCount "79"]
[EventDate "2008.??.??"]

1. d4 d5 2. Bg5 h6 3. Bh4 g5 4. Bg3 Bg7 5. e3 Bf5 6. Bb5+ c6 7. Be2 Nd7 8. Nf3
Qb6 9. Qc1 c5 10. c3 e6 11. dxc5 Nxc5 12. O-O Nf6 13. Be5 O-O 14. Bd4 Qd6 15.
Ne5 Nfd7 16. Nxd7 Nxd7 17. Bxg7 Kxg7 18. Nd2 Ne5 19. f4 Nd3 20. Bxd3 Bxd3 21.
Rf2 g4 22. Qd1 h5 23. Nf3 Bf5 24. Nh4 Be4 25. f5 Kh6 26. fxe6 fxe6 27. g3 Rxf2
28. Kxf2 Rf8+ 29. Kg1 Qe5 30. Qe2 Qf6 31. Rd1 Bf3 32. Nxf3 Qxf3 33. Qxf3 Rxf3
34. Re1 e5 35. e4 d4 36. cxd4 exd4 37. Rd1 d3 38. Rd2 Kg6 39. Kg2 Kf6 40. Rf2
1/2-1/2

[Event "62.HEM 2008, Gruppe D"]
[Site "Hanau"]
[Date "2008.03.21"]
[Round "2.30"]
[White "Boldt, Kai-Ulrich"]
[Black "Begeluri, Nino"]
[Result "1/2-1/2"]
[WhiteElo "1558"]
[BlackElo "1515"]
[PlyCount "43"]
[EventDate "2008.??.??"]

1. d4 d5 2. c4 e6 3. Nc3 c5 4. Nf3 Nc6 5. Bg5 Be7 6. Bxe7 Ngxe7 7. dxc5 Qa5 8.
e3 O-O 9. Be2 dxc4 10. Bxc4 Qxc5 11. Qe2 a6 12. a3 b5 13. Bd3 Rd8 14. O-O Bb7
15. Rac1 Qd6 16. Rfd1 Qc7 17. Ne4 Rac8 18. Nc5 Ng6 19. Nxb7 Qxb7 20. Bxg6 hxg6
21. h3 Ne7 22. Rxd8+ 1/2-1/2